Sedienta verdad de agua marchita (Record no. 183597)

MARC details
000 -LEADER
campo de control de longitud fija 01016nam a2200265 i 4500
001 - NÚMERO DE CONTROL
campo de control 183597
003 - IDENTIFICADOR DE NÚMERO DE CONTROL
campo de control ES-MaACL
005 - FECHA Y HORA DE LA ÚLTIMA TRANSACCIÓN
campo de control 20231107125050.0
008 - DATOS DE LONGITUD FIJA--INFORMACIÓN GENERAL
campo de control de longitud fija 140725s2013 sp | |||||||| | spa d
020 ## - NÚMERO INTERNACIONAL ESTÁNDAR DEL LIBRO
Número Internacional Estándar del Libro 978-84-941514-2-2
080 ## - NÚMERO DE LA CLASIFICACIÓN DECIMAL UNIVERSAL
Número de la Clasificación Decimal Universal 821.134.2-14"19"
100 1# - ENTRADA PRINCIPAL--NOMBRE DE PERSONA
Nombre de persona Lopera, José María.
9 (RLIN) 147304
245 10 - MENCIÓN DEL TÍTULO
Título Sedienta verdad de agua marchita
Resto del título = Zazadnâla istina na lres"hnala voda /
Mención de responsabilidad, etc. José María Lopera ; traducción de Zhivka Baltadzhieva y Rada Panchovska.
246 31 - FORMA VARIANTE DEL TITULO
Título propio/Titulo breve Zaadnâla istina na lres"hnala voda
250 ## - MENCION DE EDICION
Mención de edición Ed. bilingüe español-búlgaro.
260 ## - PUBLICACIÓN, DISTRIBUCIÓN, ETC.
Lugar de publicación, distribución, etc. [Toledo] :
Nombre del editor, distribuidor, etc. Lastura,
Fecha de publicación, distribución, etc. D.L. 2013.
300 ## - DESCRIPCIÓN FÍSICA
Extensión 57 p. ;
Dimensiones 21 cm.
546 ## - NOTA DE IDIOMA
Nota de lengua/lenguaje Texto en español y trad. al búlgaro.
700 1# - ENTRADA AGREGADA--NOMBRE PERSONAL
Nombre de persona Baltadzhieva, Zhivka.
9 (RLIN) 155104
700 1# - ENTRADA AGREGADA--NOMBRE PERSONAL
Nombre de persona Pancovska, Rada (
Fechas asociadas al nombre 1949-)
9 (RLIN) 155106
852 ## - LOCALIZACIÓN
Ubicación ES-MaACL
Número de control de estantería A-13198
itemnumber 190539
Sublocalización o colección R.150150
Ubicación en estantería Depósito 1
Signatura antigua Olim: N-6198
Donativo/Legado Donación: José María Lopera
903 ## - NOMBRE PERSONAL DE DONANTE
9 147304
a Lopera, José María
e Donante
942 ## - ELEMENTOS DE ENTRADA SECUNDARIOS (KOHA)
Fuente del sistema de clasificación o colocación Clasificación decimal universal
Tipo de ítem Koha Libro impreso
Holdings
Estatus retirado Estado de pérdida Fuente del sistema de clasificación o colocación Estado de daño No para préstamo Biblioteca de origen Biblioteca actual Ubicación en estantería Fecha de adquisición Fuente de adquisición Total de préstamos Signatura topográfica completa Código de barras Visto por última vez Precio de reemplazo Tipo de ítem Koha
    Clasificación decimal universal     Biblioteca del Ateneo de Madrid Biblioteca del Ateneo de Madrid Depósito 1 25/07/2014 Donación   A-13198 1192980 23/02/2023 23/02/2023 Libro impreso